| 000 | 00761cam a2200229 4500 | ||
|---|---|---|---|
| 001 | A424 | ||
| 008 | 090401t1994 xxu||||| |||| 00| 0 eng d | ||
| 035 | _a(Sirsi) u95429 | ||
| 041 | _aeng | ||
| 110 |
_aRoyal Institution of Chartered Surveyors _94900 |
||
| 245 | _aDefence Select Committee inquiry: the MoD estate | ||
| 260 |
_bRICS _c1994 |
||
| 300 | _a14p | ||
| 350 | _a3 | ||
| 490 |
_aRICS Memorandum _vGCPPA/Report(94)9 |
||
| 520 | _aEvidence on the management and performance of the Ministry of Defence`s property estate prepared in response to a request from the House of Commons Select Committee on Defence. | ||
| 650 | _aDEFENCE ESTATE | ||
| 650 | _aRICS EVIDENCE | ||
| 690 | _aPROPERTY LAW AND PRACTICE | ||
| 942 | _n0 | ||
| 948 | _c04/03/1997 | ||
| 999 |
_c98501 _d98501 |
||